| 000 | 00790nam a22002291i 4500 | ||
|---|---|---|---|
| 003 | IT-RoINE | ||
| 005 | 20160217070628.0 | ||
| 008 | 920725s1955 sp r 1 1dspa d | ||
| 040 |
_aSpMaBN _cA2 IT-RoINE _dIT-RoINE |
||
| 100 | 1 |
_aLozano, Cristóbal, _d1609-1667 _922629 |
|
| 245 | 1 | 0 |
_aHistorias y leyendas / _cLozano ; edición y prólogo de Joaquín de Entrambasaguas. |
| 260 |
_aMadrid : _bEspasa-Calpe, _c1955. |
||
| 300 |
_a2 v. ; _c19 cm. |
||
| 336 |
_2rdacontent _atext |
||
| 337 |
_2rdamedia _aunmediated |
||
| 338 |
_2rdacarrier _avolume |
||
| 490 | 0 |
_aClásicos castellanos ; _v120-121 |
|
| 650 | 7 |
_aLeyendas _zEspaña _2embne _922590 |
|
| 700 | 1 |
_aEntrambasaguas, Joaquín de, _9908 _d1904-1995 |
|
| 830 | 0 |
_922520 _aClásicos castellanos (Espasa-Calpe) ; _v120-121 |
|
| 942 | _cMTS | ||
| 999 |
_c10992 _d10992 |
||